000 00424nam a2200121Ia 4500
008 130320s9999 xx 000 0 und d
100 _aSimi Menon C
245 _aInformer management system for police portal
502 _bMCA
_dEXT
_eSubhash N
_fBabu Sunder S (CUSAT)
_hCochin University of Science and Technology, Kerala
650 _aCOMPLAINT MANAGEMENT SYSTEM
650 _aWEB PORTAL
650 _aINFORMER MANAGEMENT SYSTEM
999 _c2681
_d2681